|
|
|
|
| LEADER |
00816cam a2200205 7i4500 |
| 001 |
0000022508 |
| 005 |
20121022090000.0 |
| 008 |
080602 dwi |
| 040 |
|
|
|a UM
|
| 090 |
0 |
0 |
|a HC445.5
|b .P47
|
| 110 |
2 |
|
|a Perbadanan Kemajuan Iktisad Negeri Terengganu
|
| 245 |
1 |
0 |
|a Laporan tahunan dan kewangan :
|b moving ahead
|c Perbadanan Kemajuan Iktisad Negeri Terengganu.
|
| 260 |
|
|
|a Kuala Terengganu:
|b Perbadanan Kemajuan Iktisad Negeri Terengganu,
|c 2006-.
|
| 300 |
|
|
|a v.:
|b ill. (some col.);
|c 30 cm.
|
| 500 |
|
|
|a Library holding: 2006
|
| 610 |
2 |
|
|a Perbadanan Kemajukan Iktisad Negeri Terengganu
|
| 650 |
0 |
0 |
|a Economic development
|
| 650 |
0 |
0 |
|a Corporations, Government --
|z Terengganu
|
| 651 |
|
0 |
|a Terengganu --
|x Economic conditions
|
| 999 |
|
|
|a 0000024368
|b BOK
|c ANNUAL REPORT
|e 2nd Floor, Shah Alam
|